000 00804nam a2200241 i 4500
001 107944
003 ES-MaACL
005 20250829080501.0
007 t|
008 070103s1970 sp ||||1| spa d
080 _a821.134.2(85)-3"19"
100 1 _aVargas Llosa, Mario,
_d1936-2025
_9240060
245 1 4 _aLos cachorros
_b; El desafío ; Día domingo /
_cMario Vargas Llosa ; prólogo de Joaquín Marco.
260 _aEstella (Navarra) :
_bSalvat,
_c1970.
300 _a143 p. ;
_c19 cm.
490 1 _aBiblioteca básica Salvat de Libros RTV ;
_v87
700 1 _aMarco, Joaquín,
_d1935-2020
_976466
740 3 _aEl desafío.
740 0 _aDía domingo.
830 0 0 _aBiblioteca básica Salvat de libros RTV
_v87
_9185398
852 _aES-MaACL
_jE-3008
999 _c107944
_d107944